Loading...

Practical English usage /

Bibliographic Details
Main Author: Swan, Michael
Format: Printed Book
Language:English
Published: Oxford ; New York : Oxford University Press, 2008.
Edition:3rd impression.
Subjects:
LEADER 00729cam a2200205 a 4500
008 820911s1981 enk 000 0 eng
010 |a  81172044  
020 |a 0194311856(pbk.):  |c £2.95 
020 |a 0194311864:  |c £5.95 
082 0 0 |a 428.2  |2 19 
100 1 |a Swan, Michael. 
245 1 0 |a Practical English usage /  |c Michael Swan. 
250 |a 3rd impression. 
260 |a Oxford ;  |a New York :  |b Oxford University Press,  |c 2008. 
300 |a xxiv, 639 p. ;  |c 23 cm. 
650 0 |a English language  |x Usage. 
906 |a 7  |b cbc  |c orignew  |d 3  |e ncip  |f 19  |g y-gencatlg 
942 |c REF 
999 |c 200675  |d 200675 
952 |0 0  |1 0  |4 0  |6 428_200000000000000  |7 0  |9 222092  |a ENG  |b ENG  |c REF  |d 2017-05-30  |i 16512  |l 0  |o 428.2  |p ENG16512  |r 2017-05-30  |w 2017-05-30  |y REF